Things with the Letter - A - Statistics

General Stats
  • This quiz has been taken 62 times
  • The average score is 10 of 13
Answer Stats
Picture Answer % Correct
Apple
98%
Ant
94%
Angel
91%
Astronaut
91%
Avocado
91%
Australia
87%
Axe
87%
Albania
79%
Ape
72%
Acorn
70%
Anchor
68%
Arrow
51%
Arms
43%
No matching quizzes found
Score Distribution
Percent of People with Each Score
Percentile by Number Answered
Your Score History
You have not taken this quiz